000 00227nam a2200097Ia 4500
005 20251222114345.0
008 251222s1900||||xx |||||||||||||| ||spa||
082 _aDVD0040/S47
245 0 _aCuentos que no son cuentos:
942 _cDVD
999 _c1010
_d1010